000 00278nam a2200109Ia 4500
008 220120s9999||||xx |||||||||||||| ||und||
100 _aSachdeva, S.K
245 0 _aEver latest general knowledge 2008
260 _aCSR Publication
_c2008
300 _b0
650 _aCONTROL SYSTEM
999 _c136813
_d136813